000 00813nam a2200253 i 4500
003 EG-ScBUE
005 20240307114923.0
008 200219s2022 at o f 001 0 eng d
020 _a9781864709001
040 _aEG-ScBUE
_beng
_erda
_cEG-ScBUE
_dEG-ScBUE
082 0 4 _222
_a728.80942
_bRES
245 0 0 _aResidences reimagined :
_bsuccessful renovation and expansion of old homes.
264 1 _aVictoria, Australia :
_bThe Images Publishing Group,
_c2022.
300 _a239 pages :
_bphotographs ;
_c32 cm
336 _2rdacontent
_atext
_btxt
337 _2rdamedia
_aunmediated
_bn
338 _2rdacarrier
_avolume
_bnc
500 _aIncludes index.
650 7 _aArchitecture, Domestic.
_2BUEsh
653 _cMarch2024
_bENGARC
655 _vReading book
942 _2ddc
_cBB
999 _c30711
_d30682